<?xml version="1.0" encoding="UTF-8"?>
<record
    xmlns:xsi="http://www.w3.org/2001/XMLSchema-instance"
    xsi:schemaLocation="http://www.loc.gov/MARC21/slim http://www.loc.gov/standards/marcxml/schema/MARC21slim.xsd"
    xmlns="http://www.loc.gov/MARC21/slim">

  <leader>02895njm a2200493Ia 4500</leader>
  <controlfield tag="001">C1982</controlfield>
  <controlfield tag="003">IT-RoPAU</controlfield>
  <controlfield tag="005">20220918181115.0</controlfield>
  <controlfield tag="008">131025s9999    xx            000 0 und d</controlfield>
  <datafield tag="040" ind1=" " ind2=" ">
    <subfield code="a">IT-RoPAU</subfield>
  </datafield>
  <datafield tag="040" ind1=" " ind2=" ">
    <subfield code="c">IT-RoPAU</subfield>
  </datafield>
  <datafield tag="041" ind1=" " ind2=" ">
    <subfield code="a">INGLESE</subfield>
  </datafield>
  <datafield tag="999" ind1=" " ind2=" ">
    <subfield code="c">99311</subfield>
    <subfield code="d">99311</subfield>
  </datafield>
  <datafield tag="999" ind1=" " ind2=" ">
    <subfield code="b">n.d.</subfield>
  </datafield>
  <datafield tag="100" ind1=" " ind2=" ">
    <subfield code="a">AA.VV.</subfield>
    <subfield code="9">794</subfield>
  </datafield>
  <datafield tag="100" ind1=" " ind2=" ">
    <subfield code="e">Autore musica</subfield>
    <subfield code="9">29784</subfield>
  </datafield>
  <datafield tag="100" ind1=" " ind2=" ">
    <subfield code="g">Codice autore musica SPICS: 12000</subfield>
    <subfield code="9">796</subfield>
  </datafield>
  <datafield tag="245" ind1=" " ind2=" ">
    <subfield code="a">Cool Runnings</subfield>
  </datafield>
  <datafield tag="250" ind1=" " ind2=" ">
    <subfield code="a">1a ed.</subfield>
  </datafield>
  <datafield tag="260" ind1=" " ind2=" ">
    <subfield code="a">ITALIA</subfield>
  </datafield>
  <datafield tag="260" ind1=" " ind2=" ">
    <subfield code="b">SONY MUSIC ENTERTAINMENT</subfield>
    <subfield code="c">1993 [1a Ed.:1993 - Ed. Lingua Orig.: 1993]</subfield>
  </datafield>
  <datafield tag="300" ind1=" " ind2=" ">
    <subfield code="a">COMPACT DISC</subfield>
  </datafield>
  <datafield tag="300" ind1=" " ind2=" ">
    <subfield code="c">46 minuti (Testo: 0 pag.)</subfield>
  </datafield>
  <datafield tag="500" ind1=" " ind2=" ">
    <subfield code="a">Colonna sonora originale del film omonimo.</subfield>
  </datafield>
  <datafield tag="505" ind1=" " ind2=" ">
    <subfield code="a">Wild Wild Life (Wailing Souls) - I Can See Clearly Now (Cliff J.) - Stir It Up (King Diana) - Cool Me Down (Tiger) - Picky Picky Head (Wailing Souls) - Jamaican Bobsledding Chant (Worl A Girl) - Sweet Jamaica (Rebel Tony) - Dolly My Baby (Super Cat) - Love You Want (Wailing Souls) - Countrylipso (Zimmer Hans) - The Walk Home (Zimmer Hans) - Rise Above It (Lock, Stock and Barrel)</subfield>
  </datafield>
  <datafield tag="650" ind1=" " ind2=" ">
    <subfield code="a">COLONNA SONORA [COMPACT DISC]</subfield>
    <subfield code="e">Codice MATERIA SPICS: 9949</subfield>
    <subfield code="9">29785</subfield>
  </datafield>
  <datafield tag="700" ind1=" " ind2=" ">
    <subfield code="a">Byrne David</subfield>
    <subfield code="d">Codice autore musica SPICS: 10066</subfield>
    <subfield code="e">Autore musica</subfield>
    <subfield code="p">Wild Wild Life</subfield>
    <subfield code="9">29786</subfield>
  </datafield>
  <datafield tag="700" ind1=" " ind2=" ">
    <subfield code="a">Nash Jeffrey E.</subfield>
    <subfield code="d">Codice autore musica SPICS: 19518</subfield>
    <subfield code="e">Autore musica</subfield>
    <subfield code="p">I Can See Clearly Now</subfield>
    <subfield code="9">29787</subfield>
  </datafield>
  <datafield tag="700" ind1=" " ind2=" ">
    <subfield code="a">Marley Bob</subfield>
    <subfield code="d">Codice autore musica SPICS: 8067</subfield>
    <subfield code="e">Autore musica</subfield>
    <subfield code="p">Stir It Up</subfield>
    <subfield code="9">29788</subfield>
  </datafield>
  <datafield tag="700" ind1=" " ind2=" ">
    <subfield code="a">Jackson N.</subfield>
    <subfield code="d">Codice autore musica SPICS: 40173</subfield>
    <subfield code="e">Autore musica</subfield>
    <subfield code="p">Cool Me Down</subfield>
    <subfield code="9">29789</subfield>
  </datafield>
  <datafield tag="700" ind1=" " ind2=" ">
    <subfield code="a">McDonald L.</subfield>
    <subfield code="d">Codice autore musica SPICS: 40175</subfield>
    <subfield code="e">Autore musica</subfield>
    <subfield code="p">Picky Picky Head</subfield>
    <subfield code="9">29790</subfield>
  </datafield>
  <datafield tag="700" ind1=" " ind2=" ">
    <subfield code="a">Yoba M.</subfield>
    <subfield code="d">Codice autore musica SPICS: 40176</subfield>
    <subfield code="e">Autore musica</subfield>
    <subfield code="p">Jamaican Bobsledding Chant</subfield>
    <subfield code="9">29791</subfield>
  </datafield>
  <datafield tag="700" ind1=" " ind2=" ">
    <subfield code="a">La Costa C.</subfield>
    <subfield code="d">Codice autore SPICS: 40177</subfield>
    <subfield code="e">Autore</subfield>
    <subfield code="p">Jamaican Bobsledding Chant</subfield>
    <subfield code="9">29792</subfield>
  </datafield>
  <datafield tag="700" ind1=" " ind2=" ">
    <subfield code="a">Cohen S.</subfield>
    <subfield code="d">Codice autore testo/musica SPICS: 40178</subfield>
    <subfield code="e">Autore testo/musica</subfield>
    <subfield code="p">Jamaican Bobsledding Chant</subfield>
    <subfield code="9">29793</subfield>
  </datafield>
  <datafield tag="700" ind1=" " ind2=" ">
    <subfield code="a">Barrett P.</subfield>
    <subfield code="d">Codice autore musica SPICS: 40180</subfield>
    <subfield code="e">Autore musica</subfield>
    <subfield code="p">Sweet Jamaica</subfield>
    <subfield code="9">29794</subfield>
  </datafield>
  <datafield tag="700" ind1=" " ind2=" ">
    <subfield code="a">Smith G.</subfield>
    <subfield code="d">Codice autore SPICS: 40181</subfield>
    <subfield code="e">Autore</subfield>
    <subfield code="p">Sweet Jamaica</subfield>
    <subfield code="9">29795</subfield>
  </datafield>
  <datafield tag="700" ind1=" " ind2=" ">
    <subfield code="a">Maragh W.</subfield>
    <subfield code="d">Codice autore musica SPICS: 40183</subfield>
    <subfield code="e">Autore musica</subfield>
    <subfield code="p">Dolly My Baby</subfield>
    <subfield code="9">29796</subfield>
  </datafield>
  <datafield tag="700" ind1=" " ind2=" ">
    <subfield code="a">Sparks</subfield>
    <subfield code="d">Codice autore SPICS: 13407</subfield>
    <subfield code="e">Autore</subfield>
    <subfield code="p">Dolly My Baby</subfield>
    <subfield code="9">29797</subfield>
  </datafield>
  <datafield tag="700" ind1=" " ind2=" ">
    <subfield code="a">Matthews W.</subfield>
    <subfield code="d">Codice autore musica SPICS: 40184</subfield>
    <subfield code="e">Autore musica</subfield>
    <subfield code="p">Love You Want</subfield>
    <subfield code="9">29798</subfield>
  </datafield>
  <datafield tag="700" ind1=" " ind2=" ">
    <subfield code="a">Zimmer Hans</subfield>
    <subfield code="d">Codice autore musica SPICS: 27223</subfield>
    <subfield code="e">Autore musica</subfield>
    <subfield code="p">Countrylipso - The Walk Home</subfield>
    <subfield code="9">29799</subfield>
  </datafield>
  <datafield tag="700" ind1=" " ind2=" ">
    <subfield code="a">Glennie-Smith N.</subfield>
    <subfield code="d">Codice autore SPICS: 40185</subfield>
    <subfield code="e">Autore</subfield>
    <subfield code="p">Countrylipso - The Walk Home</subfield>
    <subfield code="9">29800</subfield>
  </datafield>
  <datafield tag="700" ind1=" " ind2=" ">
    <subfield code="a">Harris P.C.</subfield>
    <subfield code="d">Codice autore musica SPICS: 40186</subfield>
    <subfield code="e">Autore musica</subfield>
    <subfield code="p">Rise Above It</subfield>
    <subfield code="9">29801</subfield>
  </datafield>
  <datafield tag="700" ind1=" " ind2=" ">
    <subfield code="a">Curry Patrick</subfield>
    <subfield code="d">Codice autore SPICS: 19608</subfield>
    <subfield code="e">Autore</subfield>
    <subfield code="p">Rise Above It</subfield>
    <subfield code="9">29802</subfield>
  </datafield>
  <datafield tag="942" ind1=" " ind2=" ">
    <subfield code="c">CD</subfield>
    <subfield code="2">ddc</subfield>
  </datafield>
  <datafield tag="952" ind1=" " ind2=" ">
    <subfield code="0">0</subfield>
    <subfield code="1">0</subfield>
    <subfield code="4">0</subfield>
    <subfield code="6">C_1982_000000000000000</subfield>
    <subfield code="7">1</subfield>
    <subfield code="a">SPICS</subfield>
    <subfield code="b">SPICS</subfield>
    <subfield code="d">2013-10-25</subfield>
    <subfield code="l">0</subfield>
    <subfield code="o">C1982</subfield>
    <subfield code="r">2013-10-25 00:00:00</subfield>
    <subfield code="w">2013-10-25</subfield>
    <subfield code="y">CD</subfield>
    <subfield code="z">Progr. Ins.: 1120 / N.Vol.: 1 / Copie: 1 - Copia rara: n.d. / date import: 01.01.2014 - By Epidotti, Trombetti, Vaglietti</subfield>
  </datafield>
</record>
